Statistics for Countries with Most Deployed Landmines

Click here to take the quiz!

General Stats

  • This quiz has been taken 111 times
    (90 since last reset)
  • The average score is 31 of 43

Answer Stats

1ContinentsCountries% Correct
ruAsia/EuropeRussia
95%
irAsiaIran
92%
iqAsiaIraq
90%
afAsiaAfghanistan
88%
cnAsiaChina
86%
laAsiaLaos
86%
vnAsiaVietnam
86%
khAsiaCambodia
85%
kpAfricaNorth Korea
85%
egAfrica/AsiaEgypt
83%
cdAfricaDemocratic Republic of the Congo
81%
krAsiaSouth Korea
81%
syAsiaSyria
81%
psAsiaPalestine
80%
soAfricaSomalia
80%
sdAfricaSudan
80%
thAsiaThailand
80%
uaEuropeUkraine
78%
baEuropeBosnia and Herzegovina
76%
etAfricaEthiopia
76%
ngAfricaNigeria
75%
trAsia/EuropeTurkey
75%
tdAfricaChad
73%
mmAsiaMyanmar
73%
ssAfricaSouth Sudan
73%
dzAfricaAlgeria
71%
hrEuropeCroatia
71%
maAfricaMorocco
69%
aoAfricaAngola
68%
lbAsiaLebanon
66%
yeAsia/AfricaYemen
66%
erAfricaEritrea
64%
amAsiaArmenia
63%
mzAfricaMozambique
63%
azAsiaAzerbaijan
61%
zwAfricaZimbabwe
61%
rwAfricaRwanda
56%
zmAfricaZambia
56%
kwAsiaKuwait
54%
snAfricaSenegal
47%
tjAsiaTajikistan
46%
naAfricaNamibia
44%
lkAsiaSri Lanka
44%

Score Distribution

Percentile by Number Answered

Percent of People with Each Score

Your Score History

You have not taken this quiz since the last reset